| 000 | 01109nam1a22003011i 4500 | ||
|---|---|---|---|
| 001 | RU\INFOCOMM_327\NLR\5000012345 | ||
| 005 | 20240726233022.0 | ||
| 035 | _a(NLR Aleph) 011019908 | ||
| 090 |
_a11064488 _c11064488 |
||
| 100 | _a20121212d1974 |||y0rusy50 ba | ||
| 101 | 1 |
_aeng _crus |
|
| 102 | _aRU | ||
| 105 | _ay z|||| | ||
| 200 | 1 |
_aElectrical machines _eIn 2 vol. _fM. Kostenko, L. Piotrovsky _gTransl. from the Russ. by A. Chernukhin |
|
| 205 | _a[3d ed. Rev. from the 1972 Russ. ed.] | ||
| 210 |
_aM. _c"Mir" _d1974 |
||
| 215 |
_a2 т. _d22 см |
||
| 300 | _aДоп. тит. л. на рус. яз.: М. П. Костенко, Л. М. Пиотровский. Электрические машины | ||
| 320 | _aБиблиогр. в конце томов | ||
| 513 | 1 |
_aЭлектрические машины _zrus |
|
| 620 | _aМосква | ||
| 686 |
_aЗ261 _2rubbk |
||
| 700 | 1 |
_aKostenko _bM. P. _f1889- _gMichail Polievktovič |
|
| 701 | 1 |
_aPiotrovskij _bL. M. _f1886- _gLjudvig Marianovič |
|
| 801 | 1 |
_aRU _bInfoComm _c20121212 |
|
| 801 | 0 |
_aRU _bNLR _gPSBO |
|
| 852 |
_aNLR _jТ21 Д-5/73 |
||
| 942 | _cBOOK | ||